[Event "Gibraltar Masters"]
[Site "Caleta ENG"]
[Date "2011.01.26"]
[Round "2.57"]
[White "Bellin, Robert"]
[Black "Collier, David O"]
[Result "1-0"]
[WhiteTitle "IM"]
[WhiteElo "2367"]
[BlackElo "2108"]
[WhiteFideId "400343"]
[BlackFideId "406422"]
[EventDate "2011.01.25"]

1. d4 Nf6 2. Nf3 g6 3. Bg5 Bg7 4. Nbd2 d5 5. e3 O-O 6. c3 c6 7. Be2 Bg4 8. h3
Bxf3 9. Bxf3 Nbd7 10. O-O e5 11. b4 h6 12. Bh4 a5 13. Qb1 b5 14. a4 bxa4 15.
Rxa4 e4 16. Be2 axb4 17. Rxb4 Rb8 18. Bg3 Rxb4 19. Qxb4 Qb6 20. Qxb6 Nxb6 21.
Ra1 Nfd7 22. Nb3 Rc8 23. Ra7 c5 24. Bb5 c4 25. Na5 Nf6 26. Nc6 Bf8 27. Ne7+ Bxe7
28. Rxe7 Ra8 29. Be5 Nh7 30. Rb7 1-0

[Event "Gibraltar Masters"]
[Site "Caleta ENG"]
[Date "2011.01.26"]
[Round "2.58"]
[White "Vinas Guerrero, Carlos A."]
[Black "Cummings, David H."]
[Result "0-1"]
[BlackTitle "IM"]
[WhiteElo "2121"]
[BlackElo "2366"]
[WhiteFideId "2216868"]
[BlackFideId "2603578"]
[EventDate "2011.01.25"]

1. e4 c5 2. Nf3 e6 3. d4 cxd4 4. Nxd4 a6 5. Bd3 Bc5 6. Nb3 Be7 7. O-O d6 8. c4
Nf6 9. Nc3 Nbd7 10. f4 Qc7 11. Qe2 b6 12. Bd2 Bb7 13. Rae1 h5 14. Kh1 h4 15. Nd4
g6 16. Rf3 h3 17. g3 Nc5 18. Bc2 O-O-O 19. b4 Ncd7 20. Nb3 Kb8 21. Bd3 Rc8 22.
Rc1 Rhe8 23. a4 Ng4 24. a5 f5 25. axb6 Nxb6 26. Na5 Ba8 27. c5 dxc5 28. Bxa6
Rcd8 29. b5 Rxd2 30. Qxd2 fxe4 31. Re3 Rd8 32. Qe2 Nxe3 33. Nc6+ Bxc6 34. bxc6
Ned5 35. Nxe4 Qxc6 36. Bb5 Qa8 37. Kg1 Qa3 38. Rb1 Qe3+ 39. Kf1 Kc7 40. Ra1
Qxe2+ 41. Kxe2 Ra8 42. Rxa8 Nxa8 43. Be8 Nf6 44. Bxg6 Nxe4 45. Bxe4 Nb6 46. Kf3
c4 47. Kg4 c3 48. Kxh3 Nd5 49. f5 exf5 50. Bxf5 Kd6 51. g4 Ke5 52. Kg3 Ne3 53.
Bd3 c2 54. Bxc2 Nxc2 55. h4 Nd4 56. g5 Kf5 57. Kf2 Ne6 58. Kf3 Ng7 59. Kg3 Nh5+
60. Kf3 Bc5 61. Ke2 Ke4 62. g6 Be7 63. Kd2 Bxh4 64. Kc3 Bf6+ 65. Kc4 Nf4 66. Kc5
Nxg6 67. Kd6 Be5+ 68. Kc5 Nf4 69. Kc4 Bd6 70. Kb5 Kd5 71. Kb6 Ne6 72. Kb5 Bc5
73. Ka5 Nc7 74. Ka4 Kc4 75. Ka5 Bd4 76. Ka4 Nd5 77. Ka5 Nb4 78. Ka4 Bb6 79. Ka3
Nd3 80. Ka4 Nb2+ 81. Ka3 Kc3 82. Ka2 Bc5 83. Kb1 Nd3 84. Ka2 Kc2 85. Ka1 Bd6 86.
Ka2 Nc1+ 0-1

[Event "Gibraltar Masters"]
[Site "Caleta ENG"]
[Date "2011.01.26"]
[Round "2.60"]
[White "Peek, Marcel"]
[Black "Navarrete Espi, Samuel"]
[Result "1/2-1/2"]
[WhiteTitle "IM"]
[WhiteElo "2342"]
[BlackElo "2095"]
[WhiteFideId "1000462"]
[BlackFideId "2237725"]
[EventDate "2011.01.25"]

1. d4 Nf6 2. c4 g6 3. Nc3 Bg7 4. e4 d6 5. Nf3 O-O 6. Be2 e5 7. O-O Nc6 8. d5 Ne7
9. b4 Nh5 10. Re1 f5 11. Ng5 Nf6 12. Bf3 c6 13. Bb2 h6 14. Ne6 Bxe6 15. dxe6
fxe4 16. Nxe4 Nxe4 17. Rxe4 Nf5 18. b5 Rc8 19. Re2 Qe8 20. bxc6 bxc6 21. Qa4 Nh4
22. Be4 Qxe6 23. Bxc6 Qg4 24. Bd5+ Kh7 25. Rae1 Rf3 26. g3 Rcf8 27. Bc1 e4 28.
Rxe4 Rxg3+ 29. hxg3 Nf3+ 30. Kf1 Nh2+ 31. Kg1 Nf3+ 32. Kg2 Nh4+ 33. Kg1 1/2-1/2

[Event "Gibraltar Masters"]
[Site "Caleta ENG"]
[Date "2011.01.26"]
[Round "2.61"]
[White "Tabatt, Hendrik"]
[Black "Freuler, Roman"]
[Result "1-0"]
[WhiteElo "2342"]
[BlackElo "2092"]
[WhiteFideId "4653572"]
[BlackFideId "1304283"]
[EventDate "2011.01.25"]

1. Nf3 g6 2. e4 c5 3. c3 Nf6 4. e5 Nd5 5. h4 h5 6. d4 cxd4 7. Ng5 e6 8. Qf3 f6
9. c4 fxg5 10. cxd5 Be7 11. d6 Qa5+ 12. Kd1 Qxe5 13. dxe7 g4 14. Qd3 Qg7 15. Bg5
Nc6 16. Nd2 Nxe7 17. Ne4 O-O 18. Bxe7 Qxe7 19. Qxd4 Rf5 20. Bd3 b6 21. Nc3 Qf6
22. Qxf6 Rxf6 23. Ne4 Rf8 24. Nd6 Rxf2 25. Rc1 Rxb2 26. Nxc8 Rxa2 27. Rf1 Rb8
28. Bxg6 Rxg2 29. Rf7 1-0

[Event "Gibraltar Masters"]
[Site "Caleta ENG"]
[Date "2011.01.26"]
[Round "2.63"]
[White "Kolbus, Dietmar"]
[Black "Fairbairn, Stephen"]
[Result "1/2-1/2"]
[WhiteTitle "IM"]
[WhiteElo "2332"]
[BlackElo "2058"]
[WhiteFideId "4610628"]
[BlackFideId "2603985"]
[EventDate "2011.01.25"]

1. d4 d6 2. c4 e5 3. Nf3 e4 4. Nfd2 f5 5. e3 Nf6 6. Nc3 Be7 7. b4 O-O 8. Qb3 Kh8
9. Bb2 c6 10. d5 Nbd7 11. Be2 c5 12. a3 b6 13. h3 Ne5 14. O-O-O cxb4 15. axb4 a6
16. Ndb1 Qc7 17. Na3 Bd7 18. b5 a5 19. Rd2 Rfc8 20. Kb1 Be8 21. Rc1 Nfd7 22. Na4
Bf6 23. Bd4 Bg6 24. g3 Qb7 25. Nc2 Qc7 26. Na3 Ra7 27. Bb2 Nc5 28. Nxc5 Qxc5 29.
Ka2 Qc7 30. Bd4 Qd8 31. Nc2 Nd7 32. Qb2 Ne5 33. Qb3 Nd7 34. Bxf6 Qxf6 35. Qb2
Qxb2+ 36. Kxb2 Nc5 37. Nd4 Re7 38. Nc6 Rd7 39. Ra1 Ra8 40. Ra3 Kg8 41. Kc1 Kf7
42. Kd1 Kf6 43. h4 h6 44. Nd4 Re7 45. Nc6 1/2-1/2

[Event "Gibraltar Masters"]
[Site "Caleta ENG"]
[Date "2011.01.26"]
[Round "2.65"]
[White "Wheldon, Philip"]
[Black "Estrada Nieto, Julian"]
[Result "0-1"]
[BlackTitle "IM"]
[WhiteElo "2106"]
[BlackElo "2309"]
[WhiteFideId "407402"]
[BlackFideId "5101018"]
[EventDate "2011.01.25"]

1. e4 e5 2. Nf3 Nc6 3. Bb5 a6 4. Bxc6 dxc6 5. h3 c5 6. O-O Bd6 7. c3 Ne7 8. d4
cxd4 9. cxd4 exd4 10. Qxd4 f6 11. Rd1 Nc6 12. Qa4 Qe7 13. Nc3 O-O 14. Nd5 Qf7
15. Bf4 Bxf4 16. Nxf4 Bd7 17. Qb3 Qxb3 18. axb3 Rf7 19. Nd3 Re8 20. Nc5 Bc8 21.
Nd4 Nb4 22. Ra4 a5 23. f3 b6 24. Nd3 Nxd3 25. Rxd3 Rd7 26. Rc3 c5 27. Nc2 Rd2
28. Ne3 Be6 29. Ra2 Red8 30. Kf1 R8d3 31. Ke1 Rxc3 32. Kxd2 Rxb3 33. Nd5 Bxd5
34. exd5 Rb4 35. Kc3 Rd4 36. Ra3 Rxd5 37. Rb3 Rd6 38. Kc4 Rd4+ 39. Kc3 Rb4 0-1

[Event "Gibraltar Masters"]
[Site "Caleta ENG"]
[Date "2011.01.26"]
[Round "2.68"]
[White "Nuri, Kambez"]
[Black "Wilson, Alexandra"]
[Result "1-0"]
[BlackTitle "WFM"]
[WhiteElo "2300"]
[BlackElo "2037"]
[WhiteFideId "1311433"]
[BlackFideId "411000"]
[EventDate "2011.01.25"]

1. e4 e6 2. d4 d5 3. Nc3 Bb4 4. e5 Ne7 5. Bd2 b6 6. Nce2 Bxd2+ 7. Qxd2 c5 8. c3
Ba6 9. h4 Nbc6 10. Nf3 Qd7 11. h5 f6 12. h6 fxe5 13. hxg7 Rg8 14. Ng3 Bxf1 15.
Nh5 O-O-O 16. Kxf1 Nf5 17. dxe5 Qf7 18. Re1 Nxg7 19. Nf6 Nxe5 20. Nxg8 Nxf3 21.
gxf3 Rxg8 22. Rxh7 Qxf3 23. Qe3 Qf5 24. Qh3 Qf7 25. Re3 Rf8 26. Qg2 Qf4 27. Qg3
Qxg3 28. Rxg3 Nf5 29. Rg6 d4 30. Ke2 e5 31. Re6 c4 32. Rc6+ Kb8 33. Rxc4 Nd6 34.
Rcc7 d3+ 35. Kxd3 Rxf2 36. Rcd7 e4+ 37. Ke3 Rf3+ 38. Ke2 1-0

[Event "Gibraltar Masters"]
[Site "Caleta ENG"]
[Date "2011.01.26"]
[Round "2.69"]
[White "Schweizer, Manfred"]
[Black "Tate, Alan"]
[Result "1/2-1/2"]
[WhiteElo "2075"]
[BlackElo "2292"]
[WhiteFideId "4613317"]
[BlackFideId "2401878"]
[EventDate "2011.01.25"]

1. Nf3 f5 2. d3 Nc6 3. e4 e5 4. d4 fxe4 5. Nxe5 Nf6 6. Be2 d5 7. c4 Bd6 8. Nxc6
bxc6 9. c5 Be7 10. Nc3 O-O 11. O-O Bf5 12. Bf4 Qd7 13. Qd2 h6 14. Nd1 Nh7 15.
Ne3 Be6 16. Bg3 Bg5 17. a4 Qe7 18. Ra3 a5 19. Rb1 Bh4 20. b4 Bxg3 21. hxg3 axb4
22. Rxb4 Ra5 23. Bg4 Rfa8 24. Qb2 Nf6 25. Rb8+ Kh7 26. Bxe6 Qxe6 27. Rxa8 Rxa8
28. Qb7 Rf8 29. Qxc7 Ng4 30. Qd6 Qc8 31. Nxg4 Qxg4 32. Qxf8 1/2-1/2

[Event "Gibraltar Masters"]
[Site "Caleta ENG"]
[Date "2011.01.26"]
[Round "2.70"]
[White "Stebbings, Anthony J"]
[Black "Becking, Franz Josef"]
[Result "1-0"]
[WhiteElo "2285"]
[BlackElo "2029"]
[WhiteFideId "402427"]
[BlackFideId "4632540"]
[EventDate "2011.01.25"]

1. e4 e6 2. d4 d5 3. Nd2 Nf6 4. e5 Ng8 5. Bd3 c5 6. c3 Nc6 7. Ne2 Qb6 8. Nf3
cxd4 9. cxd4 Bb4+ 10. Bd2 Bd7 11. O-O Nge7 12. Bf4 Nf5 13. Bxf5 exf5 14. Qd3 Nd8
15. Nc3 Bxc3 16. Qxc3 Ne6 17. Bd2 Rc8 18. Qa3 Rc6 19. Rac1 Qb5 20. Rxc6 Bxc6 21.
Ng5 h6 22. Qd6 Nxd4 23. Re1 Nc2 24. e6 hxg5 25. exf7+ Kxf7 26. Re7+ Kg8 27. Qe6+
Kh7 28. Qxf5+ 1-0

[Event "Gibraltar Masters"]
[Site "Caleta ENG"]
[Date "2011.01.26"]
[Round "2.72"]
[White "Malmdin, Nils-Ake"]
[Black "Haga, Halvor"]
[Result "1-0"]
[WhiteElo "2272"]
[BlackElo "2024"]
[WhiteFideId "1701584"]
[BlackFideId "1507532"]
[EventDate "2011.01.25"]

1. e4 g6 2. d4 Bg7 3. Nc3 c6 4. Bc4 b5 5. Bb3 a5 6. a4 b4 7. Qf3 e6 8. Nce2 d5
9. exd5 exd5 10. Bf4 Nf6 11. h3 O-O 12. g4 h5 13. O-O-O hxg4 14. hxg4 Bxg4 15.
Qg2 Re8 16. f3 Bh5 17. Ng3 Nbd7 18. N1e2 c5 19. Nxh5 Nxh5 20. Rxh5 gxh5 21. Bxd5
Ra6 22. Rg1 Qf6 23. Bg5 Rxe2 24. Qxe2 Qxd4 25. Qe8+ Nf8 26. Qxf7+ Kh7 27. Qg8+
Kg6 28. Be3+ 1-0

[Event "Gibraltar Masters"]
[Site "Caleta ENG"]
[Date "2011.01.26"]
[Round "2.74"]
[White "Jameson, David"]
[Black "Sipila, Vilka"]
[Result "0-1"]
[WhiteElo "2054"]
[BlackElo "2269"]
[WhiteFideId "1801538"]
[BlackFideId "505455"]
[EventDate "2011.01.25"]

1. c4 c6 2. d4 d5 3. Nc3 Nf6 4. Nf3 dxc4 5. a4 Bf5 6. e3 e6 7. Bxc4 Bb4 8. Bd2
O-O 9. O-O Bg6 10. Ne5 Nbd7 11. Nxg6 hxg6 12. Ne4 Bxd2 13. Nxf6+ Nxf6 14. Qxd2
Qd6 15. Qe2 Qb4 16. Rfd1 Rfd8 17. Qc2 c5 18. Qc3 Qxc3 19. bxc3 Rac8 20. Bd3 Rd7
21. a5 Nd5 22. Ra3 cxd4 23. cxd4 Nc3 24. Rd2 Nb1 25. Rda2 Rc1+ 26. Bf1 Nxa3 27.
Rxa3 e5 28. g3 exd4 29. exd4 Rxd4 30. Kg2 Rdd1 31. Be2 Rg1+ 32. Kf3 Ra1 33. Rb3
Rgb1 34. Rc3 Rxa5 35. Rc7 Rb2 36. Bc4 Rf5+ 37. Kg4 Rfxf2 38. h4 a5 39. Kg5 b5
40. Bd5 Rf5+ 0-1

[Event "Gibraltar Masters"]
[Site "Caleta ENG"]
[Date "2011.01.26"]
[Round "2.76"]
[White "Daurelle, Herve"]
[Black "Lochte, Szilvia"]
[Result "1-0"]
[WhiteElo "2243"]
[BlackElo "2015"]
[WhiteFideId "602655"]
[BlackFideId "708410"]
[EventDate "2011.01.25"]

1. e4 e6 2. d4 d5 3. Nc3 dxe4 4. Nxe4 Bd7 5. Nf3 Bc6 6. Bd3 Nd7 7. O-O Ngf6 8.
Ned2 Bxf3 9. Nxf3 Bd6 10. Qe2 c6 11. Ne5 Qc7 12. f4 c5 13. Nxd7 Nxd7 14. d5 e5
15. fxe5 Nxe5 16. Bb5+ Kd8 17. Bf4 a6 18. Bxe5 Bxe5 19. d6 Bxd6 20. Bc4 f6 21.
Rad1 Qe7 22. Rxd6+ 1-0

[Event "Gibraltar Masters"]
[Site "Caleta ENG"]
[Date "2011.01.26"]
[Round "2.77"]
[White "Spanton, Tim R"]
[Black "Henriksson, Johan"]
[Result "0-1"]
[WhiteElo "2007"]
[BlackElo "2243"]
[WhiteFideId "404802"]
[BlackFideId "1703560"]
[EventDate "2011.01.25"]

1. e4 c6 2. d4 d5 3. exd5 cxd5 4. c4 Nf6 5. Nc3 e6 6. Nf3 Be7 7. Bg5 O-O 8. Bd3
dxc4 9. Bxc4 Nc6 10. O-O b6 11. Re1 Bb7 12. a3 Rc8 13. Ba2 Nd5 14. Ne4 Bxg5 15.
Nexg5 h6 16. Ne4 Nf6 17. Nc3 Ne7 18. Ne5 Ned5 19. Rc1 Nf4 20. f3 N6d5 21. Bb1
Qg5 22. Qc2 Rfd8 23. g3 Nh3+ 24. Kh1 Nxc3 25. Qh7+ Kf8 26. Rxc3 Rxc3 27. bxc3
Qxe5 28. Be4 Bxe4 29. Rxe4 Qf5 0-1

[Event "Gibraltar Masters"]
[Site "Caleta ENG"]
[Date "2011.01.26"]
[Round "2.78"]
[White "Meskovs, Nikita"]
[Black "Perez Reisler, Jose"]
[Result "1-0"]
[WhiteElo "2243"]
[BlackElo "1893"]
[WhiteFideId "11602740"]
[BlackFideId "3100820"]
[EventDate "2011.01.25"]

1. d4 Nf6 2. c4 g6 3. Nc3 Bg7 4. e4 d6 5. Nf3 O-O 6. h3 e5 7. d5 Nh5 8. Nh2 Qe8
9. Be2 Nf4 10. Bf3 f5 11. g3 Nxh3 12. Bg2 Qf7 13. Bxh3 fxe4 14. Ng4 Bxg4 15.
Qxg4 Qxf2+ 16. Kd1 Qd4+ 17. Bd2 e3 18. Ne4 exd2 19. Qe6+ Kh8 20. Bf5 gxf5 21.
Qg6 Qg1+ 22. Kc2 d1=Q+ 23. Rxd1 Qg2+ 24. Kc1 Kg8 25. Rxh7 Rf7 26. Rxg7+ Rxg7 27.
Nf6+ 1-0

[Event "Gibraltar Masters"]
[Site "Caleta ENG"]
[Date "2011.01.26"]
[Round "2.79"]
[White "Knudsen, Jes West"]
[Black "Andreasen, Per"]
[Result "0-1"]
[BlackTitle "FM"]
[WhiteElo "2000"]
[BlackElo "2239"]
[WhiteFideId "1405985"]
[BlackFideId "1400886"]
[EventDate "2011.01.25"]

1. e4 g6 2. d4 Bg7 3. Nc3 c6 4. Bc4 d5 5. exd5 b5 6. Bb3 b4 7. dxc6 bxc3 8. Qf3
Nf6 9. c7 Qxc7 10. Qxa8 O-O 11. Ne2 Nc6 12. Bf4 cxb2 13. Rd1 e5 14. dxe5 Nh5 15.
e6 Nxf4 16. exf7+ Kh8 17. Nxf4 Qa5+ 0-1

[Event "Gibraltar Masters"]
[Site "Caleta ENG"]
[Date "2011.01.26"]
[Round "2.80"]
[White "Spence, David J"]
[Black "Berggren, Klas"]
[Result "1-0"]
[WhiteElo "2231"]
[BlackElo "1463"]
[WhiteFideId "407429"]
[BlackFideId "1715089"]
[EventDate "2011.01.25"]

1. e4 e5 2. Nf3 Nc6 3. Bc4 Nf6 4. Ng5 d5 5. exd5 Na5 6. Bb5+ c6 7. dxc6 bxc6 8.
Bd3 h6 9. Ne4 Be7 10. O-O O-O 11. Re1 Rb8 12. Ng3 Qd4 13. Nf5 Bxf5 14. Bxf5 Bc5
15. Qe2 Qc4 16. d3 Qd4 17. c3 Qa4 18. b4 Bxb4 19. cxb4 Nb3 20. Qd1 Rxb4 21. axb3
Qxa1 22. Ba3 Rf4 23. Bxf8 Kxf8 24. Be4 Qd4 25. Qe2 Nd5 26. Bf3 f6 27. g3 Rf5 28.
Qe4 g6 29. Qxd4 exd4 30. Bg4 Rg5 31. Be6 Nb4 32. Bc4 Ra5 33. Nd2 f5 34. Nf3 Kg7
35. Re7+ Kf8 36. Re6 Kg7 37. Nh4 g5 38. Re7+ Kf8 39. Ng6# 1-0

[Event "Gibraltar Masters"]
[Site "Caleta ENG"]
[Date "2011.01.26"]
[Round "2.81"]
[White "Marder, Simon"]
[Black "Zygouris, Hristos"]
[Result "0-1"]
[WhiteElo "1990"]
[BlackElo "2215"]
[WhiteFideId "1704540"]
[BlackFideId "4200292"]
[EventDate "2011.01.25"]

1. d4 f5 2. Qd3 d5 3. g4 g6 4. g5 h6 5. Nf3 Nc6 6. Rg1 Qd6 7. c3 hxg5 8. Na3 a6
9. Bxg5 Nf6 10. Qe3 Ng4 11. Qd2 Nxh2 12. Bg2 Ng4 13. Bf4 Qd8 14. e3 Be6 15.
O-O-O Bg7 16. Ng5 Bg8 17. Qc2 Qd7 18. Kb1 O-O-O 19. Nf3 Qe8 20. b4 e5 21. dxe5
Ngxe5 22. Nd4 Nxd4 23. cxd4 Nc4 24. Nxc4 dxc4 25. d5 Qb5 26. a3 Rxd5 27. e4
Rxd1+ 28. Rxd1 Be6 29. Qd2 c3 30. Qc2 a5 31. Bf1 Bc4 32. Rd5 Qxd5 33. exd5 Rh1 0-1

[Event "Gibraltar Masters"]
[Site "Caleta ENG"]
[Date "2011.01.26"]
[Round "2.82"]
[White "Arnott, Jonathan W"]
[Black "Brown, David"]
[Result "1-0"]
[WhiteElo "2176"]
[BlackElo "1923"]
[WhiteFideId "408077"]
[BlackFideId "416150"]
[EventDate "2011.01.25"]

1. e4 e5 2. Bc4 Nf6 3. Nc3 Nc6 4. d3 Bb4 5. Ne2 d5 6. exd5 Nxd5 7. O-O Nxc3 8.
Nxc3 Bxc3 9. bxc3 O-O 10. Ba3 Re8 11. Rb1 Qf6 12. Re1 Na5 13. Bd5 Be6 14. Rb5 c6
15. Rxa5 Bxd5 16. c4 b6 17. Ra4 b5 18. cxb5 cxb5 19. Rg4 Qf5 20. c4 bxc4 21.
dxc4 Bc6 22. Qe2 Rad8 23. Bc5 a6 24. Rg3 Qf4 25. Be3 Qe4 26. c5 Bb5 27. Rxg7+
Kh8 28. Qh5 Qc2 29. Qxf7 Rd1 30. Rxh7+ Qxh7 31. Qxh7+ Kxh7 32. Rxd1 Rg8 33. f3
Kg6 34. Rd6+ Kf5 35. g4+ 1-0

[Event "Gibraltar Masters"]
[Site "Caleta ENG"]
[Date "2011.01.26"]
[Round "2.84"]
[White "Carlsten, Peter"]
[Black "Martinez Gonzalez, Francisco II"]
[Result "1-0"]
[WhiteElo "2110"]
[BlackElo "1870"]
[WhiteFideId "1705067"]
[BlackFideId "22250328"]
[EventDate "2011.01.25"]

1. e4 c5 2. Nf3 d6 3. d4 cxd4 4. Nxd4 Nf6 5. Nc3 a6 6. Bg5 e6 7. Qf3 Be7 8.
O-O-O Qc7 9. Qg3 Nbd7 10. h4 b6 11. f3 Bb7 12. Be3 Rg8 13. Qf2 Rb8 14. g4 b5 15.
g5 Nh5 16. Bh3 Nc5 17. Bg4 b4 18. Nce2 g6 19. Bxh5 gxh5 20. Ng3 Ba8 21. Kb1 a5
22. Nxh5 a4 23. Rhg1 Bxe4 24. fxe4 Nxe4 25. Qf3 d5 26. Nf6+ Bxf6 27. gxf6 Rf8
28. Bf4 e5 29. Bh6 exd4 30. Bxf8 b3 31. Rg2 bxc2+ 32. Rxc2 Nc3+ 33. Ka1 1-0

[Event "Gibraltar Masters"]
[Site "Caleta ENG"]
[Date "2011.01.26"]
[Round "2.85"]
[White "Gillespie, Gary"]
[Black "Tari, Aryan"]
[Result "0-1"]
[WhiteElo "1848"]
[BlackElo "2097"]
[WhiteFideId "2402777"]
[BlackFideId "1510045"]
[EventDate "2011.01.25"]

1. e4 c5 2. Nf3 Nc6 3. d4 cxd4 4. Nxd4 g6 5. c4 Bg7 6. Nc2 Nf6 7. Nc3 O-O 8. Be2
d6 9. O-O Be6 10. f3 a6 11. Be3 Rb8 12. Qd2 Nd7 13. Rac1 Qa5 14. Nd4 Nxd4 15.
Bxd4 Rfc8 16. Bxg7 Kxg7 17. Qd4+ Kg8 18. b3 b5 19. cxb5 axb5 20. Bxb5 Rxc3 21.
Rxc3 Qxb5 22. Rfc1 f6 23. f4 Qa5 24. R1c2 Rb4 25. Qe3 Kf7 26. f5 gxf5 27. Qh6
Nf8 28. Qh5+ Kg7 29. Rc7 Rb7 30. R7c3 Qa7+ 31. Kh1 fxe4 32. Rh3 Bxh3 0-1

[Event "Gibraltar Masters"]
[Site "Caleta ENG"]
[Date "2011.01.26"]
[Round "2.86"]
[White "Sreeves, Clement"]
[Black "Messam-Sparks, Lateefah"]
[Result "1-0"]
[WhiteElo "2093"]
[BlackElo "1904"]
[WhiteFideId "2402564"]
[BlackFideId "470813"]
[EventDate "2011.01.25"]

1. e4 c5 2. Nf3 d6 3. d4 cxd4 4. Nxd4 Nf6 5. Nc3 e6 6. Be3 Be7 7. f3 Nc6 8. Qd2
a6 9. O-O-O d5 10. exd5 Nxd5 11. Nf5 Nxe3 12. Qxe3 Qa5 13. Nxe7 Nxe7 14. h4 f6
15. Bc4 Nf5 16. Qd3 O-O 17. Kb1 Kh8 18. g4 Nh6 19. Ne4 Nf7 20. f4 b5 21. Bb3 Bb7
22. Bxe6 Rad8 23. Qe3 Rfe8 24. Bxf7 Rxe4 25. Qc3 b4 26. Qc5 1-0

[Event "Gibraltar Masters"]
[Site "Caleta ENG"]
[Date "2011.01.26"]
[Round "2.87"]
[White "Bous, Florian"]
[Black "Siddiqui, Nida Mishraz"]
[Result "1-0"]
[WhiteElo "2088"]
[BlackElo "1738"]
[WhiteFideId "4660412"]
[BlackFideId "7800495"]
[EventDate "2011.01.25"]

1. d4 Nf6 2. c4 g6 3. f3 Bg7 4. e4 d6 5. Nc3 O-O 6. Bg5 Nbd7 7. Qd2 c5 8. d5 Ne8
9. Nge2 f6 10. Be3 Ne5 11. Ng3 Bd7 12. Be2 Nc7 13. f4 Ng4 14. Bxg4 Bxg4 15. f5
h5 16. h3 h4 17. Nf1 Bh5 18. g4 hxg3 19. Nxg3 Kf7 20. Nxh5 gxh5 21. Qg2 Rg8 22.
Qg6+ Kf8 23. Qxh5 Qe8 24. Qf3 Qf7 25. O-O-O Ke8 26. Rdg1 Kd7 27. Rg6 a6 28. Rhg1
b5 29. Qg4 Ne8 30. h4 Rh8 31. h5 Bf8 32. Ne2 Kc8 33. h6 Rh7 34. Qh3 bxc4 35. Rg8
Rb8 36. R1g6 e6 37. fxe6 Qe7 38. Rxf8 Kd8 39. Rgg8 Kc7 40. Qh5 1-0

[Event "Gibraltar Masters"]
[Site "Caleta ENG"]
[Date "2011.01.26"]
[Round "2.88"]
[White "Birkestrand, Odd"]
[Black "Itkis, Hana"]
[Result "0-1"]
[BlackTitle "WFM"]
[WhiteElo "1894"]
[BlackElo "2084"]
[WhiteFideId "1505548"]
[BlackFideId "2020190"]
[EventDate "2011.01.25"]

1. e4 d6 2. d4 Nf6 3. Nc3 g6 4. f4 Bg7 5. e5 Nfd7 6. Nf3 c5 7. Be3 O-O 8. Be2
cxd4 9. Bxd4 Nc6 10. Bb5 dxe5 11. fxe5 Ndxe5 12. Bxe5 Nxe5 13. Qe2 Nxf3+ 14.
Qxf3 Qb6 15. a4 a6 16. Nd5 Qc5 17. Be2 Bxb2 18. Rb1 Bg7 19. Nb6 Qxc2 20. Bd3
Qc3+ 21. Ke2 Qe5+ 22. Kf2 Qd4+ 23. Kf1 Bg4 24. Qe4 Rad8 25. Bc2 Qf6+ 26. Ke1
Qc3+ 27. Kf1 Bf5 0-1

[Event "Gibraltar Masters"]
[Site "Caleta ENG"]
[Date "2011.01.26"]
[Round "2.89"]
[White "Memarian, Milad"]
[Black "Zaky, Tamir"]
[Result "1/2-1/2"]
[WhiteElo "2028"]
[BlackElo "1861"]
[WhiteFideId "12503193"]
[BlackFideId "651451"]
[EventDate "2011.01.25"]

1. Nf3 c5 2. c4 Nf6 3. Nc3 Nc6 4. e3 d5 5. d4 Bg4 6. cxd5 Nxd5 7. Qb3 Bxf3 8.
gxf3 Nxc3 9. bxc3 Qb6 10. Qxb6 axb6 11. d5 Ne5 12. f4 Nd7 13. Bc4 g6 14. e4 Ra4
15. Bd3 c4 16. Bc2 Bg7 17. e5 Ra5 18. Be4 Nc5 19. Bg2 Nd3+ 20. Ke2 Nxc1+ 21.
Rhxc1 Bh6 22. Ke3 O-O 23. Rcb1 b5 24. a4 Rfa8 25. d6 exd6 26. exd6 Re8+ 27. Kf3
Rd8 28. axb5 Rxa1 29. Rxa1 Rxd6 30. Bf1 Rf6 31. Ra8+ Kg7 32. Ra4 Bxf4 33. Kg2
Bc7 34. Bxc4 Bb6 35. f3 Bc5 36. Bd5 b6 37. Ra7 g5 38. c4 h5 39. h3 Rf4 40. Rc7
Kg6 41. Rc6+ Kg7 42. Kg3 1/2-1/2

[Event "Gibraltar Masters"]
[Site "Caleta ENG"]
[Date "2011.01.26"]
[Round "2.90"]
[White "Obiamiwe, Paul"]
[Black "Stene, Vegard"]
[Result "1-0"]
[WhiteElo "2015"]
[BlackElo "1608"]
[WhiteFideId "8500215"]
[BlackFideId "1513907"]
[EventDate "2011.01.25"]

1. Nf3 Nc6 2. d4 d5 3. c4 Nf6 4. Nc3 e6 5. Bf4 Bb4 6. e3 Ne7 7. Rc1 O-O 8. Bd3
c5 9. a3 Bxc3+ 10. bxc3 Ng6 11. Bg3 dxc4 12. Bxc4 Bd7 13. O-O Qa5 14. Bd6 Ba4
15. Qe1 Rfc8 16. Bxc5 b6 17. Bb4 Qf5 18. Ba6 Rc7 19. Qe2 Ne7 20. c4 Rd8 21. Ne5
Qe4 22. Qb2 Ng6 23. Nxg6 hxg6 24. Rfe1 g5 25. f3 Qa8 26. Qf2 Nd7 27. Qg3 Rc6 28.
Qxg5 Qb8 29. Bb5 Bxb5 30. cxb5 Rxc1 31. Rxc1 Rc8 32. e4 Nf6 33. Rc6 Rxc6 34.
bxc6 Qc7 35. d5 exd5 36. exd5 a5 37. Bc3 Qe7 38. Kf1 Kh8 39. Bxf6 gxf6 40. Qh5+
Kg8 41. Qg4+ Kh7 42. Qe4+ 1-0

[Event "Gibraltar Masters"]
[Site "Caleta ENG"]
[Date "2011.01.26"]
[Round "2.95"]
[White "Jorgensen, Line Jin"]
[Black "Szuper, Paul"]
[Result "0-1"]
[WhiteElo "1892"]
[BlackElo "2174"]
[WhiteFideId "1505467"]
[BlackFideId "2026791"]
[EventDate "2011.01.25"]

1. d4 e6 2. c4 b6 3. a3 Bb7 4. Nc3 Nf6 5. Nf3 g6 6. g3 Bxf3 7. exf3 Bg7 8. Bg2
O-O 9. O-O Nc6 10. Be3 d5 11. f4 Ne7 12. Qb3 Qd7 13. cxd5 exd5 14. Rac1 Rfe8 15.
h3 c6 16. Rfe1 Nf5 17. Qd1 Re6 18. Qd3 Ne8 19. g4 Nxe3 20. Rxe3 Rxe3 21. fxe3
Nd6 22. b3 Re8 23. Re1 Qe7 24. Re2 Nb7 25. Nb1 Na5 26. Kf1 h6 27. Qc2 Qd6 28.
Kf2 Bxd4 29. exd4 Qxf4+ 30. Bf3 Qh2+ 31. Kf1 Qxh3+ 32. Bg2 Rxe2 33. Qxe2 Qxb3
34. Nd2 Qxa3 0-1